| 000 -LEADER |
| fixed length control field |
00690cam a2200193 i 4500 |
| 001 - CONTROL NUMBER |
| control field |
18056339 |
| 005 - DATE AND TIME OF LATEST TRANSACTION |
| control field |
20211220125023.0 |
| 008 - FIXED-LENGTH DATA ELEMENTS--GENERAL INFORMATION |
| fixed length control field |
140305s2014 enk ob 001 0 eng |
| 020 ## - INTERNATIONAL STANDARD BOOK NUMBER |
| International Standard Book Number |
9781118539514 |
| 041 ## - LANGUAGE CODE |
| Language code of text/sound track or separate title |
eng |
| 080 ## - UNIVERSAL DECIMAL CLASSIFICATION NUMBER |
| Universal Decimal Classification number |
005.915 L-87 |
| 100 ## - MAIN ENTRY--PERSONAL NAME |
| Personal name |
Louisot, Jean-Paul. |
| 9 (RLIN) |
9020 |
| 245 00 - TITLE STATEMENT |
| Title |
ERM, enterprise risk management : |
| Remainder of title |
issues and cases / |
| Statement of responsibility, etc. |
[edited by] Jean-Paul Louisot, Christopher H. Ketcham. |
| 264 #1 - PRODUCTION, PUBLICATION, DISTRIBUTION, MANUFACTURE, AND COPYRIGHT NOTICE |
| Place of production, publication, distribution, manufacture |
Chichester, West Sussex, United Kingdom : |
| Name of producer, publisher, distributor, manufacturer |
Wiley, |
| Date of production, publication, distribution, manufacture, or copyright notice |
2014. |
| 300 ## - PHYSICAL DESCRIPTION |
| Extent |
262 p. |
| Other physical details |
23 cm. |
| 653 ## - INDEX TERM--UNCONTROLLED |
| keyword |
საწარმოს რისკის მენეჯმენტი |
| 700 1# - ADDED ENTRY--PERSONAL NAME |
| Personal name |
Ketcham, Christopher. |
| Relator term |
ავტორი |
| 9 (RLIN) |
9023 |
| 942 ## - ADDED ENTRY ELEMENTS (KOHA) |
| Source of classification or shelving scheme |
|
| Koha item type |
წიგნი |